00576 2200205 4500001002100000005001700021008004100038020001800079035002500097082001300122090002000135100002100155245005000176260003200226300003500258500003100293650001800324850001200342990001600354YOGYA-0209000001820920150528092356.0 ind  a979-518-637-X a0010-020900000018209 a001.4225 a001.4225bJun P aJUNADI, Purnawan aPengantar analisis datacoleh Purnawan Junadi aJakartabRineka Ciptac1994 ax, 139 hlm. :bilus. ;c21 cm. aBibliografi : hlm. 135-139 aAnalisis data aYOPDYOG a633-PN/P.01